书目信息 |
| 题名: |
北京平原森林建设对策研究与实践成效
|
|
| 作者: | 王成 , 蔡宝军 著 | |
| 分册: | ||
| 出版信息: | 北京 中国林业出版社有限公司 2021.1 |
|
| 页数: | 222页 | |
| 开本: | 26cm | |
| 丛书名: | ||
| 单 册: | ||
| 中图分类: | S731.2 | |
| 科图分类: | ||
| 主题词: | 城市林--建设--研究--北京 | |
| 电子资源: | ||
| ISBN: | 978-7-5219-0807-7 | |
| 000 | 01493nam0 2200289 45 | |
| 001 | 012001002692 | |
| 005 | 20141008104609.0 | |
| 010 | @a978-7-5219-0807-7@dCNY130.00 | |
| 100 | @a20210423d2021 em y0chiy50 ea | |
| 101 | 0 | @achi |
| 102 | @aCN@b110000 | |
| 105 | @aab z 000yy | |
| 106 | @ar | |
| 200 | 1 | @a北京平原森林建设对策研究与实践成效@Abei jing ping yuan sen lin jian she dui ce yan jiu yu shi jian cheng xiao@b专著@dAfforestation in Beijing plain area strategies, practices and assessments@f王成,蔡宝军等著@zeng |
| 210 | @a北京@c中国林业出版社有限公司@d2021.1 | |
| 215 | @a222页@c彩图,彩照,地图@d26cm | |
| 300 | @a林业公益性行业科研专项经费项目“美丽城镇森林景观的构建技术研究与示范” 北京市园林绿化局“J北京平原地区绿化问题研究” 北京市园林绿化局“北京市平原造林综合效应评估研究”联合资助 | |
| 300 | @a并列题名:Afforestation in Beijing plain area strategies, practices and assessments | |
| 304 | @a著者名单题:王成、蔡宝军、王军、贾宝全、邱尔发等21人 | |
| 330 | @a本书共分上、下两篇。上篇为北京平原森林建设对策研究,为北京平原森林建设项目的启动提供了战略规划支撑;下篇为北京平原造林工程成效综合评估,是对平原森林建设战略实施的重点项目落地成效进行的具体评估。 | |
| 510 | 1 | @aAfforestation in Beijing plain area strategies, practices and assessments@zeng |
| 606 | 0 | @a城市林@x建设@x研究@y北京 |
| 690 | @aS731.2@v5 | |
| 701 | 0 | @a王成@Awang cheng@4著 |
| 701 | 0 | @a蔡宝军@Acai bao jun@4著 |
| 801 | 2 | @aCN@bBJSDL@c20211018 |
| 905 | @b1350199-202@dS731.2@e164@f4 | |
| 北京平原森林建设对策研究与实践成效=Afforestation in Beijing plain area strategies, practices and assessments/王成,蔡宝军等著.-北京:中国林业出版社有限公司,2021.1 |
| 222页:彩图,彩照,地图;26cm |
| 林业公益性行业科研专项经费项目“美丽城镇森林景观的构建技术研究与示范” 北京市园林绿化局“J北京平原地区绿化问题研究” 北京市园林绿化局“北京市平原造林综合效应评估研究”联合资助.-并列题名:Afforestation in Beijing plain area strategies, practices and assessments |
| ISBN 978-7-5219-0807-7:CNY130.00 |
| 本书共分上、下两篇。上篇为北京平原森林建设对策研究,为北京平原森林建设项目的启动提供了战略规划支撑;下篇为北京平原造林工程成效综合评估,是对平原森林建设战略实施的重点项目落地成效进行的具体评估。 |
| ● |
| 相关链接 |
|
|
|
|
正题名:北京平原森林建设对策研究与实践成效
索取号:S731.2/164
 
预约/预借
| 序号 | 登录号 | 条形码 | 馆藏地/架位号 | 状态 | 备注 |
| 1 | 1350199 | 213501995 | 第二样本阅览室/ [索取号:S731.2/164] | 在馆 | |
| 2 | 1350200 | 213502002 | 第三借阅区/ [索取号:S731.2/164] | 在馆 | |
| 3 | 1350201 | 213502011 | 第三借阅区/ [索取号:S731.2/164] | 在馆 | |
| 4 | 1350202 | 213502020 | 第三借阅区/ [索取号:S731.2/164] | 在馆 |